| 000 | 00479cam a2200193ua 4500 | ||
|---|---|---|---|
| 001 | 11741 | ||
| 008 | 191031n ii |||gr||||Z||||||eng | ||
| 020 | _a9780195689099 | ||
| 040 | _cMAIN | ||
| 041 | _aeng | ||
| 082 | _a338.88 | ||
| 100 |
_aRakseh Mohan Joshi, _eAuthor. |
||
| 245 |
_aInternational business _cBy Rakesh Mohan Joshi |
||
| 250 | _a14th imp. | ||
| 260 |
_aNew Delhi: _bOxford university press, _c2016. |
||
| 300 | _a912p. | ||
| 653 | _aProduction | ||
| 942 | _cBK | ||
| 999 |
_c10544 _d10544 |
||